<?xml version="1.0" encoding="UTF-8"?>
<record
    xmlns:xsi="http://www.w3.org/2001/XMLSchema-instance"
    xsi:schemaLocation="http://www.loc.gov/MARC21/slim http://www.loc.gov/standards/marcxml/schema/MARC21slim.xsd"
    xmlns="http://www.loc.gov/MARC21/slim">

  <leader>01701    a2200301   4500</leader>
  <datafield tag="952" ind1=" " ind2=" ">
    <subfield code="0">0</subfield>
    <subfield code="1">0</subfield>
    <subfield code="2">lcc</subfield>
    <subfield code="4">0</subfield>
    <subfield code="7">0</subfield>
    <subfield code="8">FIC</subfield>
    <subfield code="a">CCL</subfield>
    <subfield code="b">CCL</subfield>
    <subfield code="c">GEN</subfield>
    <subfield code="d">2022-07-01</subfield>
    <subfield code="e">Donation from Book Aid International</subfield>
    <subfield code="l">4</subfield>
    <subfield code="o">PR6108 HOP 2020</subfield>
    <subfield code="p">032439</subfield>
    <subfield code="r">2023-01-09 00:00:00</subfield>
    <subfield code="s">2022-12-19</subfield>
    <subfield code="t">c. 1</subfield>
    <subfield code="w">2022-07-01</subfield>
    <subfield code="y">BK</subfield>
  </datafield>
  <datafield tag="999" ind1=" " ind2=" ">
    <subfield code="c">10653</subfield>
    <subfield code="d">10653</subfield>
  </datafield>
  <datafield tag="020" ind1=" " ind2=" ">
    <subfield code="a">9781785039348</subfield>
  </datafield>
  <datafield tag="050" ind1=" " ind2=" ">
    <subfield code="a">PR6108</subfield>
    <subfield code="b">HOP 2020</subfield>
  </datafield>
  <datafield tag="100" ind1=" " ind2=" ">
    <subfield code="a">Hope, Maggie</subfield>
    <subfield code="d">1930s -</subfield>
    <subfield code="e">author</subfield>
  </datafield>
  <datafield tag="245" ind1=" " ind2=" ">
    <subfield code="a">A daughter's secret /</subfield>
    <subfield code="c">Maggie Hope</subfield>
  </datafield>
  <datafield tag="264" ind1=" " ind2=" ">
    <subfield code="a">London : </subfield>
    <subfield code="b">Ebury Press,</subfield>
    <subfield code="c">2020.</subfield>
  </datafield>
  <datafield tag="300" ind1=" " ind2=" ">
    <subfield code="a">391, 14 pages ; </subfield>
    <subfield code="b">20 cm</subfield>
  </datafield>
  <datafield tag="336" ind1=" " ind2=" ">
    <subfield code="2">rdacontent</subfield>
    <subfield code="a">text</subfield>
    <subfield code="b">txt</subfield>
  </datafield>
  <datafield tag="337" ind1=" " ind2=" ">
    <subfield code="2">rdamedia</subfield>
    <subfield code="a">unmediated</subfield>
    <subfield code="b">n</subfield>
  </datafield>
  <datafield tag="338" ind1=" " ind2=" ">
    <subfield code="2">rdacarrier</subfield>
    <subfield code="a">volume</subfield>
    <subfield code="b">nc</subfield>
  </datafield>
  <datafield tag="500" ind1=" " ind2=" ">
    <subfield code="a">"Can she escape a scandalous past?"--Cover.
Includes excerpt from A daughter's duty.
Historical fiction
Domestic fiction
Fiction
Romans, nouvelles, etc</subfield>
  </datafield>
  <datafield tag="520" ind1=" " ind2=" ">
    <subfield code="a">	
"Cath Raine and her sister have had a difficult childhood. Abandoned by their mother who ran off with a Canadian airman, the two young girls were forced to fend for themselves in a town rife with gossip about their family. When Cath first meets the wealthy Jack Vaughan on the grounds of his father's estate, he dismisses her because of the rumours he's heard about her family. But when their paths cross again, they find themselves irresistibly drawn to each other despite their different backgrounds. However it's soon clear her family's reputation will make a fresh start impossible. Can Cath escape her difficult upbringing and find love at last?"--Provided by publisher.</subfield>
  </datafield>
  <datafield tag="650" ind1=" " ind2=" ">
    <subfield code="a">Abandoned children </subfield>
    <subfield code="x">Fiction. </subfield>
  </datafield>
  <datafield tag="650" ind1=" " ind2=" ">
    <subfield code="a">Sisters </subfield>
    <subfield code="x">Fiction. </subfield>
  </datafield>
  <datafield tag="650" ind1=" " ind2=" ">
    <subfield code="a">Gossip </subfield>
    <subfield code="x">Fiction. </subfield>
  </datafield>
  <datafield tag="650" ind1=" " ind2=" ">
    <subfield code="a">Family secrets </subfield>
    <subfield code="x">Fiction. </subfield>
  </datafield>
  <datafield tag="650" ind1=" " ind2=" ">
    <subfield code="a">Man-woman relationships </subfield>
    <subfield code="x">Fiction. </subfield>
  </datafield>
  <datafield tag="650" ind1=" " ind2=" ">
    <subfield code="a">Abandoned children. </subfield>
  </datafield>
  <datafield tag="650" ind1=" " ind2=" ">
    <subfield code="a">Family secrets. </subfield>
  </datafield>
  <datafield tag="650" ind1=" " ind2=" ">
    <subfield code="a">Gossip. </subfield>
  </datafield>
  <datafield tag="650" ind1=" " ind2=" ">
    <subfield code="a">Man-woman relationships. </subfield>
  </datafield>
  <datafield tag="650" ind1=" " ind2=" ">
    <subfield code="a">Sisters.</subfield>
  </datafield>
  <datafield tag="942" ind1=" " ind2=" ">
    <subfield code="2">lcc</subfield>
    <subfield code="c">BK</subfield>
    <subfield code="h">6108</subfield>
    <subfield code="i">HOP</subfield>
    <subfield code="k">PR</subfield>
  </datafield>
</record>
